000 00755nam a2200253Ia 4500
003 OSt
005 20220918171500.0
006 a|||||r|||| 00| 0
007 ta
008 220917b |||||||| |||| 00| 0 eng d
020 _a9781844645120 (pbk)
_c1732.65
024 _a272,457
037 _b175, 25/07/2013, Sunrise Books
_cTextual
040 _aARTS
_cARTS
_beng
041 _2eng
_aeng
082 _aN:(S:5), Q2
100 _aFreeman Damien
_936889
245 0 _aArt's emotions
_b Ethics, expression and aesthetic experience
260 _aDurham
_bAcumen U.S.A
_c2012
300 _ax, 210p.
_ccm.
650 _aARTS
942 _hN:(S:5), Q2
_cTEXL
_2CC
999 _c139778
_d139778